LEADER 01281nam0M2200421--I450- 001 990001618040203316 005 20090605104231.0 010 $a88-14-09829-8 035 $a000161804 035 $aUSA01000161804 035 $a(ALEPH)000161804USA01 035 $a000161804 100 $a20040429d2002----||itac0103 ba 101 $aita 102 $aIT 105 $a||||||||001yy 200 1 $aContratto telematico e commercio elettronico$fFrancesco Delfini 210 $aMilano$cGiuffrè$d2002 215 $aIX, 260 p.$d24 cm. 300 $aSegue: Appendice normativa. 410 0$12001 454 1$12001 461 1$1001-------$12001 606 $aContratti telematici$aCommercio elettronico$xLegislazione$yItalia 676 $a346.45020285 700 1$aDELFINI,$bFrancesco$0149598 801 0$aIT$bICCU$gISBD$c20040217 912 $a990001618040203316 951 $aB11 317$b3599 DIRCE 951 $aXXII.1.G 68 (IG XXII 108)$b39071 G.$cXXII.1.G 68 (IG XXII)$d00091101 959 $aBK 969 $aDIRCE 969 $aGIU 979 $aDIRCE$b10$c20040429$lUSA01$h1211 979 $aFIORELLA$b90$c20040927$lUSA01$h1339 979 $aRSIAV2$b90$c20090605$lUSA01$h1042 996 $aContratto telematico e commercio elettronico$9280766 997 $aUNISA LEADER 05045nam 22008292 450 001 9910783116003321 005 20151005020622.0 010 $a1-107-13024-7 010 $a1-280-43028-1 010 $a1-139-14699-8 010 $a0-511-17048-3 010 $a0-511-06326-1 010 $a0-511-05693-1 010 $a0-511-29755-6 010 $a0-511-54242-9 010 $a0-511-07172-8 035 $a(CKB)1000000000018016 035 $a(EBL)217805 035 $a(OCoLC)70733011 035 $a(SSID)ssj0000217597 035 $a(PQKBManifestationID)11197227 035 $a(PQKBTitleCode)TC0000217597 035 $a(PQKBWorkID)10223395 035 $a(PQKB)11422178 035 $a(UkCbUP)CR9780511542428 035 $a(Au-PeEL)EBL217805 035 $a(CaPaEBR)ebr10069872 035 $a(CaONFJC)MIL43028 035 $a(MiAaPQ)EBC217805 035 $a(PPN)183061047 035 $a(EXLCZ)991000000000018016 100 $a20090505d2002|||| uy| 0 101 0 $aeng 135 $aur||||||||||| 181 $ctxt$2rdacontent 182 $cc$2rdamedia 183 $acr$2rdacarrier 200 00$aPaleodemography $eage distribution from skeletal samples /$fedited by Robert D. Hoppa, James W. Vaupel$b[electronic resource] 210 1$aCambridge :$cCambridge University Press,$d2002. 215 $a1 online resource (xiii, 259 pages) $cdigital, PDF file(s) 225 1 $aCambridge studies in biological and evolutionary anthropology ;$v31 300 $aTitle from publisher's bibliographic system (viewed on 05 Oct 2015). 311 $a0-521-08916-6 311 $a0-521-80063-3 320 $aIncludes bibliographical references and index. 327 $aThe Rostock manifesto for paleodemography: the way from stage to age / Robert D. Hoppa and James W. Vaupel -- Paleodemography: looking back and thinking ahead / Robert D. Hoppa -- Reference samples: the first step in linking biology and age in the human skeleton / Bethany M. Usher -- Aging through the ages: historical perspectives on age indicator methods / Ariane Kemkes-Grottenthaler -- Transition analysis: a new method for estimating age from skeletons / Jesper L. Boldsen [and others] -- Age estimation by tooth cementum annulation: perspectives of a new validation study / Ursula Wittwer-Backofen and Helene Buba -- Mortality models for paleodemography / James W. Wood [and others] -- Linking age-at-death distributions and ancient population dynamics: a case study / Richard R. Paine and Jesper L. Boldsen. 327 $aA solution to the problem of obtaining a mortality schedule for paleodemographic data / Bradley Love and Hans-Georg Mu?ller -- Estimating age-at-death distributions from skeletal samples: a multivariate latent-trait approach / Darryl J. Holman, James W. Wood, and Kathleen A. O'Connor -- Markov chain Monte Carlo estimation of hazard model parameters in paleodemography / Lyle W. Konigsberg and Nicholas P. Herrmann -- A re-examination of the age-at-death distribution of Indian Knoll / Nicholas P. Herrmann and Lyle W. Konigsberg. 330 $aPaleodemography is the field of enquiry that attempts to identify demographic parameters from past populations (usually skeletal samples) derived from archaeological contexts, and then to make interpretations regarding the health and well-being of those populations. However, paleodemographic theory relies on several assumptions that cannot easily be validated by the researcher, and if incorrect, can lead to large errors or biases. In this book, physical anthropologists, mathematical demographers and statisticians tackle these methodological issues for reconstructing demographic structure for skeletal samples. Topics discussed include how skeletal morphology is linked to chronological age, assessment of age from the skeleton, demographic models of mortality and their interpretation, and biostatistical approaches to age structure estimation from archaeological samples. This work will be of immense importance to anyone interested in paleodemography, including biological and physical anthropologists, demographers, geographers, evolutionary biologists and statisticians. 410 0$aCambridge studies in biological and evolutionary anthropology ;$v31. 606 $aHuman skeleton$xAnalysis 606 $aHuman remains (Archaeology) 606 $aDemographic anthropology 606 $aPaleoanthropology 606 $aDemographic archaeology 606 $aPopulation 606 $aAge distribution (Demography) 615 0$aHuman skeleton$xAnalysis. 615 0$aHuman remains (Archaeology) 615 0$aDemographic anthropology. 615 0$aPaleoanthropology. 615 0$aDemographic archaeology. 615 0$aPopulation. 615 0$aAge distribution (Demography) 676 $a599.9/47 702 $aHoppa$b Robert D.$f1967- 702 $aVaupel$b James W. 801 0$bUkCbUP 801 1$bUkCbUP 906 $aBOOK 912 $a9910783116003321 996 $aPaleodemography$93702300 997 $aUNINA